Bụ́kụ́ í́jọ̃ ụ̃kụ rĩ agá tõwú rĩ kî : (Record no. 1613)
[ view plain ]
| 000 -LEADER | |
|---|---|
| fixed length control field | 01642cam a2200397 i 4500 |
| 001 - CONTROL NUMBER | |
| control field | data |
| 005 - DATE AND TIME OF LATEST TRANSACTION | |
| control field | 20260322212109.0 |
| 008 - FIXED-LENGTH DATA ELEMENTS--GENERAL INFORMATION | |
| fixed length control field | data |
| 035 ## - SYSTEM CONTROL NUMBER | |
| System control number | 23254372 |
| 010 ## - LIBRARY OF CONGRESS CONTROL NUMBER | |
| LC control number | 2023305701 |
| 040 ## - CATALOGING SOURCE | |
| Original cataloging agency | DLC |
| Language of cataloging | eng |
| Transcribing agency | DLC |
| Description conventions | rda |
| 042 ## - AUTHENTICATION CODE | |
| Authentication code | pcc |
| -- | pcc |
| 050 00 - LIBRARY OF CONGRESS CALL NUMBER | |
| Classification number | BS325 |
| Item number | .A78 2022 |
| 245 00 - TITLE STATEMENT | |
| Title | Bụ́kụ́ í́jọ̃ ụ̃kụ rĩ agá tõwú rĩ kî : |
| Remainder of title | Yósũwã, 1 Sámụ̃wẹ̃lị̃, 2 Sámụ̃wẹ̃lị̃, Ézĩrã, Nẽhẽmíyã, Ẹ̃sị̃tẹ́rị̃, Yónã, Nãhụ́mị̃, Mãlákĩ Ãrị̃ngã tị = Nine of the Old Testament books : Joshua, 1 Samuel, 2 Samuel, Ezra, Nehemiah, Esther, Jonah, Nahum, Malachi in the Aringa language of Uganda. |
| 246 31 - VARYING FORM OF TITLE | |
| Title proper/short title | Nine of the Old Testament books : |
| Remainder of title | Joshua, 1 Samuel, 2 Samuel, Ezra, Nehemiah, Esther, Jonah, Nahum, Malachi in the Aringa language of Uganda |
| 264 #1 - PRODUCTION, PUBLICATION, DISTRIBUTION, MANUFACTURE, AND COPYRIGHT NOTICE | |
| Place of production, publication, distribution, manufacture | Yumbe, Uganda : |
| Name of producer, publisher, distributor, manufacturer | Here is Life!, |
| Date of production, publication, distribution, manufacture, or copyright notice | 2022. |
| 300 ## - PHYSICAL DESCRIPTION | |
| Extent | vii, 264 pages : |
| Other physical details | illustrations ; |
| Dimensions | 21 cm |
| 336 ## - CONTENT TYPE | |
| Content type term | text |
| Content type code | txt |
| Source | rdacontent |
| 337 ## - MEDIA TYPE | |
| Media type term | unmediated |
| Media type code | n |
| Source | rdamedia |
| 338 ## - CARRIER TYPE | |
| Carrier type term | volume |
| Carrier type code | nc |
| Source | rdacarrier |
| 546 ## - LANGUAGE NOTE | |
| Language note | Text in Aringa, parallel title in English. |
| 630 00 - SUBJECT ADDED ENTRY--UNIFORM TITLE | |
| Uniform title | Bible. |
| Name of part/section of a work | Joshua. |
| 630 00 - SUBJECT ADDED ENTRY--UNIFORM TITLE | |
| Uniform title | Bible. |
| Name of part/section of a work | 1 Samuel. |
| 630 00 - SUBJECT ADDED ENTRY--UNIFORM TITLE | |
| Uniform title | Bible. |
| Name of part/section of a work | 2 Samuel. |
| 630 00 - SUBJECT ADDED ENTRY--UNIFORM TITLE | |
| Uniform title | Bible. |
| Name of part/section of a work | Malachi. |
| 630 00 - SUBJECT ADDED ENTRY--UNIFORM TITLE | |
| Uniform title | Bible. |
| Name of part/section of a work | Ezra. |
| 630 00 - SUBJECT ADDED ENTRY--UNIFORM TITLE | |
| Uniform title | Bible. |
| Name of part/section of a work | Nehemiah. |
| 630 00 - SUBJECT ADDED ENTRY--UNIFORM TITLE | |
| Uniform title | Bible. |
| Name of part/section of a work | Esther. |
| 630 00 - SUBJECT ADDED ENTRY--UNIFORM TITLE | |
| Uniform title | Bible. |
| Name of part/section of a work | Jonah. |
| 630 00 - SUBJECT ADDED ENTRY--UNIFORM TITLE | |
| Uniform title | Bible. |
| Name of part/section of a work | Nahum. |
| 710 2# - ADDED ENTRY--CORPORATE NAME | |
| Corporate name or jurisdiction name as entry element | Here is Life! (Organization), |
| Relator term | issuing body. |
| 906 ## - LOCAL DATA ELEMENT F, LDF (RLIN) | |
| a | 7 |
| b | cbc |
| c | origode |
| d | 3 |
| e | ncip |
| f | 20 |
| g | y-gencatlg |
| 925 0# - | |
| -- | acquire |
| -- | 1 shelf copy |
| -- | policy default |
| 985 ## - | |
| -- | ODE-nb |
| Withdrawn status | Lost status | Damaged status | Not for loan | Home library | Current library | Shelving location | Date acquired | Total checkouts | Full call number | Barcode | Date last seen | Price effective from | Koha item type |
|---|---|---|---|---|---|---|---|---|---|---|---|---|---|
| Institut Protestant de Théologie | Institut Protestant de Théologie | General stacks | 22/03/2026 | BS325 | LOC-IPT-00004 | 22/03/2026 | 22/03/2026 | Books |